000 00311nam a2200133Ia 4500
008 240703s9999 xx 000 0 und d
041 _aeng
100 _aBradshaw, Kumar
245 _aAi Strategy To Execution
260 _bWiley India
365 _cRS.
_b 999.00
906 _b35
999 _c41114
_d41114